|
|
|
|
| LEADER |
00000nab a2200000 a 4500 |
| 001 |
vtls000688687 |
| 003 |
SK-MaSNL |
| 005 |
20260303235937.0 |
| 008 |
180205c1999 xo 0 slo |
| 015 |
|
|
|a SNBRB1999/03-05232
|
| 035 |
|
|
|a CLN000040854
|
| 040 |
|
|
|a SNKBUCL
|b slo
|c SNKBUCL
|e AACR2
|
| 041 |
0 |
|
|a slo
|
| 044 |
|
|
|a xo
|c SK
|
| 080 |
|
|
|a 633:631.151
|2 UDC-MRF-SK2
|
| 080 |
|
|
|a 631.151
|2 UDC-MRF-SK2
|
| 100 |
1 |
|
|a Biroš, Vincent
|4 aut
|9 791236
|
| 245 |
1 |
0 |
|a Integrovaný systém pestovania rastlín
|b technický rozvoj v hospodárení na pôde je imperatívom budúcnosti
|c Vincent Biroš
|
| 650 |
0 |
7 |
|a rastlinná výroba
|2 snkbucl
|9 2835
|
| 650 |
0 |
7 |
|a systémy integrované
|2 snkbucl
|9 879854
|
| 655 |
|
7 |
|a články z novín a časopisov
|2 snkbucl
|9 267496
|
| 773 |
0 |
|
|t Roľnícke noviny
|g Č. 57 (24.3.1999)
|
| 773 |
0 |
|
|t [Príl.] Beseda
|g Roč. 6, s. A5
|
| 850 |
|
|
|a Slovenská národná knižnica v Martine
|
| 852 |
|
|
|a SNK
|b KIS3GCP
|
| 958 |
|
|
|a RBX
|
| 999 |
|
|
|c 2528566
|d 2530496
|